| 000 | 00357nam a2200133Ia 4500 | ||
|---|---|---|---|
| 008 | 210210b1979 xxu||||| |||| 00| 0 eng d | ||
| 082 | _a371.4 KOCG | ||
| 100 | _aKOCHHAR (S K). | ||
| 245 | _aGuidance in Indian education. | ||
| 260 |
_aNew Delhi. _bSterling Publishers Pvt Ltd., _c1979 |
||
| 300 | _ax,400 | ||
| 690 | _aCareer & Counselling | ||
| 906 | _a034700 | ||
| 999 |
_c85705 _d85705 |
||